[Event "105th British-ch 2018"]
[Site "Hull"]
[Date "2018.07.29"]
[Round "2"]
[White "Pollack, Oscar"]
[Black "Ward, Chris G"]
[Result "0-1"]
[WhiteElo "2064"]
[BlackElo "2434"]
[Annotator "TA"]
[PlyCount "66"]
[EventDate "2018.07.28"]
[EventType "swiss"]
[EventCountry "GBR"]
[SourceTitle "playchess.com"]
[Source "ChessBase"]
[SourceQuality "1"]

{[%evp 15,66,-18,-22,-41,-41,-50,-54,-49,-44,-37,-41,-35,-24,-47,-42,-62,-68,-114,-62,-63,-65,-225,-151,-221,-116,-113,-75,-376,-364,-325,-281,-416,-401,-620,-601,-578,-582,-570,-566,-750,-758,-728,-720,-830,-655,-609,-599,-806,-798,-990,-662,-1084,-1051]} 1. d4 d5 2. Nc3 Nf6 3. Bg5 Nbd7 4. Nf3 e6 5. e3 c5 6. a3 {D01: Damenbauernspiele (Richter-Weressow)} Be7 7. Bd3 a6 8. O-O b5 {LiveBook: 3 Partien} 9. Ne5 Nxe5 10. dxe5 Nd7 11. Bxe7 Qxe7 12. f4 $1 Bb7 13. Qe1 $146 ({Vorgänger:} 13. Qg4 O-O-O 14. Qg3 {0-1 (58) Zemnitskiy,A (2112)-Boruchovsky,A (2565) St Petersburg 2017}) 13... f5 14. Rd1 g5 15. Be2 h5 16. Bf3 Nb6 ({Besser ist} 16... O-O-O $17) 17. b3 $15 h4 18. Rd2 $2 (18. fxg5 $15 Qxg5 19. Qd2) 18... O-O-O 19. a4 {[#]} (19. fxg5 $17 Qxg5 20. a4) 19... gxf4 (19... g4 $1 $19 {[%cal Rg4f3]} 20. Be2 d4 21. axb5 dxc3 22. Rxd8+ Rxd8 23. bxa6 Be4 24. Qxc3 Nd5) 20. exf4 $17 d4 {[%cal Bd5d4,Bd4c3][%mdl 32] ...Lxf3 ist eine echte Drohung.} 21. a5 $2 {[%mdl 8192]} (21. Nd1 $17) 21... dxc3 $19 22. Rxd8+ Qxd8 23. axb6 (23. Qxc3 $142 Nd5 24. Qxc5+ Qc7 25. Qxc7+ Kxc7 26. c4 bxc4 27. bxc4) 23... Qd4+ 24. Qf2 (24. Kh1 $142 Qd2 25. Qf2 Qxf2 26. Rxf2) 24... Bxf3 {Schwarz steht klar auf Gewinn.} 25. Qxd4 cxd4 26. Rxf3 {[%mdl 4096] Endspiel KT-KT} Rd8 {[#] Und weiter mit ...d3! wäre nett.} 27. Rd3 Kb7 28. Kf2 Kxb6 29. b4 Kc6 30. Ke2 Kd5 31. Rh3 Ke4 32. Rxh4 d3+ 33. cxd3+ Rxd3 {Precision: Weiß = 29%, Schwarz = 75%.} 0-1

[Event "105th British-ch 2018"]
[Site "Hull"]
[Date "2018.07.29"]
[Round "2"]
[White "Iyengar, Ilya"]
[Black "Wall, Tim P"]
[Result "0-1"]
[WhiteElo "2017"]
[BlackElo "2234"]
[Annotator "NA"]
[PlyCount "61"]
[EventDate "2018.07.28"]
[EventType "swiss"]
[EventCountry "GBR"]
[SourceTitle "playchess.com"]
[Source "ChessBase"]
[SourceQuality "1"]
[TimeControl "40/5400+30:1800+30"]

1. d4 {[%emt 0:09:03]} b6 {[%emt 0:01:15]} 2. e4 {[%emt 0:00:48]} Bb7 {[%emt 0:00:11]} 3. f3 {[%emt 0:00:19]} e5 {[%emt 0:07:11]} 4. Be3 {[%emt 0:10:02]} exd4 {[%emt 0:01:20]} 5. Bxd4 {[%emt 0:00:13]} Nc6 {[%emt 0:00:44]} 6. Bf2 {[%emt 0:00:39]} Nf6 {[%emt 0:07:57]} 7. Bc4 Bb4+ {[%emt 0:03:51]} 8. c3 {[%emt 0:01:59]} Be7 {[%emt 0:05:41]} 9. Ne2 {[%emt 0:00:35]} O-O {[%emt 0:01:13]} 10. O-O {[%emt 0:04:34]} Ne5 {[%emt 0:04:06]} 11. Bb3 {[%emt 0:03:21]} d5 {[%emt 0:01:03]} 12. Bd4 {[%emt 0:07:56]} Bc5 {[%emt 0:16:41]} 13. Bxc5 {[%emt 0:15:50]} bxc5 {[%emt 0:00:13]} 14. exd5 {[%emt 0:00:07]} c4 {[%emt 0:06:23]} 15. Bc2 {[%emt 0:02:45]} Nxd5 {[%emt 0:06:23]} 16. Qd4 {[%emt 0:04:30]} Qe7 {[%emt 0:03:38]} 17. Na3 {[%emt 0:19:00]} c5 {[%emt 0:08:56]} 18. Qf2 {[%emt 0:00:50]} Nd3 {[%emt 0:01:44]} 19. Bxd3 {[%emt 0:00:23]} cxd3 {[%emt 0:00:09]} 20. Ng3 {[%emt 0:02:54]} Nf4 {[%emt 0:01:30]} 21. Rfe1 {[%emt 0:00:55]} Qg5 {[%emt 0:00:48]} 22. Nc4 {[%emt 0:01:02]} f6 {[%emt 0:10:32]} 23. Nd6 {[%emt 0:05:07]} Rab8 {[%emt 0:04:26]} 24. Re7 {[%emt 0:03:53]} Bc8 {[%emt 0:01:44]} 25. Nde4 {[%emt 0:04:38]} Qg6 {[%emt 0:00:35]} 26. b3 {[%emt 0:00:28]} Bh3 {[%emt 0:00:46]} 27. Qxc5 {[%emt 0:00:49]} Bxg2 {[%emt 0:00:13]} 28. Kf2 {[%emt 0:00:38]} Bh3 {[%emt 0:02:01]} 29. Qc4+ {[%emt 0:00:32]} Kh8 {[%emt 0:00:06]} 30. Nd2 {[%emt 0:00:34]} Qh6 {[%emt 0:00:38]} 31. Rae1 {[%emt 0:00:28]} 0-1

[Event "105th British-ch 2018"]
[Site "Hull"]
[Date "2018.07.29"]
[Round "2"]
[White "Burke, Mitchell R"]
[Black "Tozer, Philip"]
[Result "1/2-1/2"]
[WhiteElo "1988"]
[BlackElo "2142"]
[Annotator "NA"]
[PlyCount "56"]
[EventDate "2018.07.28"]
[EventType "swiss"]
[EventCountry "GBR"]
[SourceTitle "playchess.com"]
[Source "ChessBase"]
[SourceQuality "1"]
[TimeControl "40/5400+30:1800+30"]

1. f4 {[%emt 0:00:21]} d5 {[%emt 0:00:09]} 2. Nf3 {[%emt 0:00:31]} Nf6 {[%emt 0:00:22]} 3. g3 {[%emt 0:00:53]} g6 {[%emt 0:00:05]} 4. Bg2 {[%emt 0:00:13]} Bg7 {[%emt 0:00:07]} 5. O-O {[%emt 0:01:19]} O-O {[%emt 0:00:12]} 6. d3 {[%emt 0:02:04]} c5 {[%emt 0:00:08]} 7. c3 {[%emt 0:04:04]} Nc6 {[%emt 0:01:00]} 8. Na3 {[%emt 0:04:43]} b6 {[%emt 0:23:30]} 9. Qe1 {[%emt 0:02:25]} Bb7 {[%emt 0:08:22]} 10. h3 {[%emt 0:05:33]} Qc7 {[%emt 0:07:01]} 11. g4 {[%emt 0:14:10]} e5 {[%emt 0:11:27]} 12. Nb5 {[%emt 0:18:26]} Qd7 {[%emt 0:12:21]} 13. fxe5 {[%emt 0:03:13]} Nxe5 {[%emt 0:03:08]} 14. Nxe5 {[%emt 0:00:26]} Qxb5 {[%emt 0:06:03]} 15. g5 {[%emt 0:00:05]} Nh5 {[%emt 0:02:23]} 16. Ng4 {[%emt 0:05:16]} f6 {[%emt 0:04:54]} 17. gxf6 {[%emt 0:03:25]} Nxf6 {[%emt 0:00:09]} 18. Nh6+ {[%emt 0:06:19]} Kh8 {[%emt 0:00:05]} 19. Qh4 {[%emt 0:00:05]} Qd7 {[%emt 0:08:14]} 20. Bg5 {[%emt 0:00:43]} Ng8 {[%emt 0:05:36]} 21. Ng4 {[%emt 0:02:27]} d4 {[%emt 0:02:18]} 22. Bxb7 {[%emt 0:01:14]} Qxb7 {[%emt 0:00:05]} 23. c4 {[%emt 0:00:03]} Rae8 {[%emt 0:03:17]} 24. Rxf8 {[%emt 0:02:07]} Rxf8 {[%emt 0:00:09]} 25. Rf1 {[%emt 0:00:12]} Rxf1+ {[%emt 0:02:56]} 26. Kxf1 {[%emt 0:00:04]} Qf7+ {[%emt 0:00:08]} 27. Qf2 {[%emt 0:00:27]} Qe6 {[%emt 0:00:22]} 28. Qf3 {[%emt 0:01:14]} h6 {[%emt 0:05:49]} 1/2-1/2

[Event "105th British-ch 2018"]
[Site "Hull"]
[Date "2018.07.29"]
[Round "2"]
[White "De Coverly, Roger D"]
[Black "Longson, Sarah N"]
[Result "0-1"]
[WhiteElo "1920"]
[BlackElo "2123"]
[Annotator "NA"]
[PlyCount "62"]
[EventDate "2018.07.28"]
[EventType "swiss"]
[EventCountry "GBR"]
[SourceTitle "playchess.com"]
[Source "ChessBase"]
[SourceQuality "1"]
[TimeControl "40/5400+30:1800+30"]

1. e4 {[%emt 0:00:03]} e5 {[%emt 0:00:03]} 2. Nf3 {[%emt 0:00:06]} Nc6 {[%emt 0:00:05]} 3. Bb5 {[%emt 0:00:06]} a6 {[%emt 0:00:16]} 4. Ba4 {[%emt 0:00:05]} Nf6 {[%emt 0:00:23]} 5. O-O {[%emt 0:00:05]} b5 {[%emt 0:00:09]} 6. Bb3 {[%emt 0:00:05]} Bc5 {[%emt 0:00:06]} 7. Nxe5 {[%emt 0:00:12]} Nxe5 {[%emt 0:00:41]} 8. d4 {[%emt 0:00:05]} Bxd4 {[%emt 0:00:35]} 9. Qxd4 {[%emt 0:00:06]} d6 {[%emt 0:00:35]} 10. f4 {[%emt 0:01:35]} Nc6 {[%emt 0:01:41]} 11. Qc3 {[%emt 0:05:17]} Bb7 {[%emt 0:00:39]} 12. e5 {[%emt 0:01:17]} Ne4 {[%emt 0:00:58]} 13. Qe3 {[%emt 0:02:52]} Na5 {[%emt 0:01:15]} 14. exd6 {[%emt 0:11:46]} O-O {[%emt 0:08:35]} 15. Nd2 {[%emt 0:03:05]} Nxd6 {[%emt 0:06:04]} 16. c3 {[%emt 0:00:37]} Nxb3 {[%emt 0:00:46]} 17. axb3 {[%emt 0:01:24]} Re8 {[%emt 0:02:42]} 18. Qf2 {[%emt 0:01:27]} Qf6 {[%emt 0:02:33]} 19. b4 {[%emt 0:02:39]} Re7 {[%emt 0:07:21]} 20. Nf3 {[%emt 0:05:27]} Rae8 {[%emt 0:03:08]} 21. Ne5 {[%emt 0:11:19]} Qf5 {[%emt 0:09:05]} 22. Qc5 {[%emt 0:14:55]} f6 {[%emt 0:10:33]} 23. Nf3 {[%emt 0:02:42]} Qg4 {[%emt 0:12:37]} 24. h3 {[%emt 0:04:16]} Qg6 {[%emt 0:03:20]} 25. f5 {[%emt 0:08:36]} Nxf5 {[%emt 0:03:24]} 26. Bf4 {[%emt 0:01:31]} Re2 {[%emt 0:01:35]} 27. g4 {[%emt 0:02:28]} Ne3 {[%emt 0:02:13]} 28. Bxe3 {[%emt 0:04:14]} R2xe3 {[%emt 0:04:22]} 29. Nh4 {[%emt 0:02:53]} Qe4 {[%emt 0:02:51]} 30. Kh2 {[%emt 0:00:29]} Qc2+ {[%emt 0:00:49]} 31. Kg1 {[%emt 0:00:34]} Rg3+ {[%emt 0:00:11]} 0-1

[Event "105th British-ch 2018"]
[Site "Hull"]
[Date "2018.07.30"]
[Round "3"]
[White "Howell, David W L"]
[Black "Adair, James R"]
[Result "1-0"]
[WhiteElo "2687"]
[BlackElo "2492"]
[Annotator "TA"]
[PlyCount "65"]
[EventDate "2018.07.28"]
[EventType "swiss"]
[EventCountry "GBR"]
[SourceTitle "playchess.com"]
[Source "ChessBase"]
[SourceQuality "1"]

{[%evp 22,65,22,-41,-31,-34,-44,-38,-29,-34,-35,-12,0,0,0,0,0,0,-35,-34,-1,0,39,39,25,14,29,25,77,7,0,0,136,134,375,383,367,363,581,591,1544,1302,1401,1200,29989,29990]} 1. d4 Nf6 2. c4 e6 3. Nc3 Bb4 4. Qc2 O-O 5. e4 d5 6. e5 Ne4 7. Bd3 c5 8. Nf3 {E32: Nimzo-Indian: Classical (4 Qc2): 4...0-0} cxd4 9. Nxd4 Nd7 10. Bf4 Qh4 11. g3 Qh5 12. h4 {LiveBook: 6 Games} (12. O-O $1 $11) (12. O-O g5 13. cxd5 Bxc3 14. bxc3 exd5 15. Bxe4 dxe4 {½-½ (30) So,W (2786)-Nakamura,H (2787) Saint Louis 2018}) 12... Nxe5 $15 13. Be2 $1 {[%cal Re2h5]} Ng4 14. Bxg4 Qxg4 15. f3 Qh5 16. g4 $146 {[%cal Rg4h5]} Qg6 17. fxe4 {Black must now prevent 0-0-0.} e5 18. O-O-O Bxc3 $1 ({But not} 18... exd4 $6 19. Nxd5 Bd6 20. g5 $16) 19. Nf5 $1 $36 {[%cal Rf5e7][%mdl 2048] Black is under pressure.} Bxf5 20. gxf5 Qg4 21. Be3 $1 {aiming for Rhg1.} Bd4 (21... d4 {keeps more tension.} 22. Bh6 Qh5 23. Bxg7 Bxb2+ 24. Kxb2 Kxg7 25. Qg2+ Kh8) 22. Bxd4 exd4 23. exd5 Rac8 24. Kb1 b5 {[#]} (24... Rfd8 $11 {keeps the balance.}) 25. c5 ({Better is} 25. Rhg1 $1 $16 {[%cal Rg1g4]} Qf4 26. Rdf1) 25... Rfd8 $1 $11 {[%cal Rd8d5]} 26. Rhg1 Qxh4 (26... Qf3 $11) 27. c6 $16 g6 $2 (27... Qf4 $16 {might work better.}) 28. fxg6 $18 hxg6 29. Qf5 Kg7 $2 {[#]} (29... d3 {keeps fighting.} 30. Rxd3 Kg7) 30. c7 $1 {[%mdl 512]} Re8 (30... Rxc7 31. Qe5+) 31. d6 Re6 32. Rdf1 Rf8 33. c8=Q {Precision: White = 76%, Black = 38%.} 1-0

[Event "105th British-ch 2018"]
[Site "Hull"]
[Date "2018.07.30"]
[Round "3"]
[White "McShane, Luke J"]
[Black "Muir, Andrew J"]
[Result "1-0"]
[WhiteElo "2669"]
[BlackElo "2291"]
[Annotator "TA"]
[PlyCount "28"]
[EventDate "2018.07.28"]
[EventType "swiss"]
[EventCountry "GBR"]
[SourceTitle "playchess.com"]
[Source "ChessBase"]
[SourceQuality "1"]

{[%evp 15,28,10,10,20,22,10,11,19,21,12,19,16,33,49,29]} 1. e4 c5 2. Nf3 Nc6 3. Bb5 g6 4. Bxc6 dxc6 5. d3 Nf6 6. h3 Bg7 7. Nc3 O-O 8. O-O Ne8 {LiveBook: 35 Games. B31: Sicilian: 2...Nc6 3 Bb5 g6} (8... Nd7 9. Be3 e5 10. Qd2 Re8 11. Bh6 Bh8 12. Nh2 Nf8 13. f4 exf4 14. Qxf4 Qe7 15. Bg5 Bd4+ 16. Kh1 Ne6 17. Bxe7 Nxf4 18. Bxc5 Bxc5 19. Rxf4 {0-1 (46) Bologan,V (2640)-Andreikin,D (2736) Sochi 2016}) 9. Bf4 Nc7 10. Qd2 Ne6 {The position is equal.} 11. Bh6 Nd4 12. Nxd4 cxd4 13. Ne2 {[#]} e5 $146 ({Predecessor:} 13... Qd6 14. Bxg7 Kxg7 15. f4 f6 16. Rf3 {½-½ (27) Sasikiran,K-Edwards,J (2506) ICCF email 2015}) 14. Bxg7 Kxg7 {[%mdl 32768] Sensor Board Error (Ke4/e5)?} 1-0

[Event "105th British-ch 2018"]
[Site "Hull"]
[Date "2018.07.30"]
[Round "3"]
[White "Pert, Nicholas"]
[Black "Eggleston, David J"]
[Result "1/2-1/2"]
[WhiteElo "2544"]
[BlackElo "2397"]
[Annotator "TA"]
[PlyCount "265"]
[EventDate "2018.07.28"]
[EventType "swiss"]
[EventCountry "GBR"]
[SourceTitle "playchess.com"]
[Source "ChessBase"]
[SourceQuality "1"]

{[%evp 21,265,18,37,44,20,25,31,0,79,81,77,21,22,21,21,14,25,17,32,35,24,0,77,22,26,24,28,27,54,18,28,13,20,0,8,13,8,11,25,18,35,35,44,20,57,53,45,52,50,50,52,41,49,49,85,64,64,64,64,56,57,57,57,57,57,57,64,62,64,64,64,57,57,57,64,62,64,64,64,64,64,64,64,64,71,64,64,64,64,64,71,65,79,79,71,75,89,71,104,104,104,104,104,104,104,104,104,104,104,104,104,104,104,104,104,75,75,75,75,62,62,62,67,67,75,74,67,67,75,74,75,75,75,61,71,0,83,0,0,0,0,0,0,0,0,0,0,0,0,0,0,0,0,0,0,0,0,0,0,0,0,0,0,0,0,0,0,0,0,0,0,0,0,0,0,0,0,0,0,0,0,0,0,0,0,0,0,0,0,0,0,0,0,0,0,0,0,0,0,0,0,0,0,0,0,0,0,0,0,0,0,0,0,0,0,0,0,0,0,0,0,0,0,0,0,0,0,0,0,0,0,0,0,0,0,0,0,0,0,0,0,0,0,0,0,0]} 1. d4 Nf6 2. Nf3 e6 3. c4 b6 4. a3 Bb7 5. Nc3 d5 6. cxd5 exd5 7. g3 Be7 8. Bg2 O-O 9. O-O Nbd7 10. Qc2 c5 11. Rd1 {E12: Queen's Indian: Unusual White 4th moves, 4 a3, 4 Nc3 Bb7 5 a3 and 4 Nc3 Bb7} Rc8 {LiveBook: 12 Games} (11... Re8 12. dxc5 Bxc5 13. Nd4 Qe7 14. Bg5 Qe5 15. Nf3 Qe6 16. b4 Bf8 17. Nd4 Qe5 18. Bf4 Qh5 {½-½ (41) Babula,V (2548)-Rozentalis,E (2573) Novi Sad 2016}) 12. dxc5 Nxc5 13. Ng5 g6 14. Bf4 $146 ({Predecessor:} 14. h4 Ne6 15. e4 d4 16. Nxe6 fxe6 17. Qb3 Qe8 18. Qxe6+ Qf7 19. Qxf7+ Rxf7 20. Rxd4 {1-0 (41) Futida,S (1982)-Bascetta,B (1814) IECC email 2012}) 14... Ne6 (14... h6 $1 $11 15. Nf3 g5) 15. Nxe6 $16 fxe6 16. Qa4 ({Better is} 16. Bh3 $16) 16... Bc5 $11 17. e3 ({But not} 17. Qxa7 Rf7 $15) 17... a6 18. Bg5 Qe7 19. Qh4 b5 20. Rac1 Bb6 21. b3 Rce8 (21... Bd8 $11) 22. Ne2 (22. a4 $16) 22... Bd8 23. b4 Qf7 $1 {next ...Ne4 is good for Black.} 24. Rf1 Ne4 {[%cal Bf6e4,Be4d2,Bd2c4][%mdl 32]} 25. Bxd8 Rxd8 26. Qf4 Nd2 27. Rfd1 Nc4 28. Qxf7+ Rxf7 29. Nf4 Re8 30. Rc3 Bc8 31. h4 Ra7 32. Ne2 a5 33. e4 axb4 34. axb4 dxe4 35. Bxe4 Bb7 36. Bxb7 Rxb7 37. Rcd3 Ree7 38. Rd8+ Kg7 39. Nc3 Ne5 40. Rc8 Rec7 41. Rxc7+ Rxc7 42. Nxb5 $14 {[%mdl 4096] Endgame KRN-KRN} Rc4 43. Rd6 Rxb4 44. Nc7 $1 Kf7 45. Nxe6 {Threatens to win with Ng5+.} h6 46. Kg2 Rb2 47. Nc5 h5 48. Ne4 Ng4 49. Kf3 Rb4 50. Ng5+ Kg7 51. Rd7+ Kg8 {[#] Strongly threatening ...Ne5+.} 52. Rd2 (52. Rd8+ {looks sharper.} Kg7 53. Ra8 Ne5+ 54. Ke2 Rb2+ 55. Kf1) 52... Rb6 53. Ke4 Rb4+ 54. Kd5 Rb5+ 55. Kd4 Rf5 56. f3 Nf6 57. Ra2 Rd5+ 58. Ke3 Re5+ 59. Ne4 Nd7 60. Ra7 Nf8 61. Kd4 Rf5 62. Ng5 Rf6 63. Ke5 (63. Kd5 {seems wilder.} Rf5+ 64. Kc4 Re5 65. Kd4 Rb5 66. Ra6) 63... Rb6 64. Re7 Rb5+ 65. Ke4 Rb4+ 66. Ke3 Rb3+ 67. Kf4 Rb5 68. g4 hxg4 69. fxg4 Rb1 70. Ne4 Nh7 71. g5 Rh1 72. Kg4 Rg1+ 73. Ng3 Ra1 74. Kf4 Ra2 75. Ne4 Rh2 76. Kg3 Ra2 77. Re8+ Kg7 78. Re7+ Kg8 79. h5 (79. Rb7 $16) 79... Nxg5 $11 {The position is equal.} 80. Nxg5 gxh5 {KRN-KR} 81. Ne6 h4+ 82. Kxh4 Ra5 83. Kg4 Rb5 84. Nf4 Kf8 85. Ng6+ Kg8 86. Nh4 Kf8 87. Rh7 Ke8 88. Nf5 Rb1 89. Kg5 Kd8 90. Kf6 Re1 91. Nd4 Kc8 92. Ne6 Rd1 93. Ke5 Kb8 94. Nd4 Ka8 95. Kd5 Kb8 96. Kc5 Rc1+ 97. Kd6 {[#] Threatening mate with Nc6+.} Rd1 98. Kd5 Kc8 99. Kc5 Rc1+ 100. Kd6 Rd1 101. Rc7+ Kd8 102. Rc4 Ke8 103. Ke6 {[%cal Rc4c8]} Re1+ 104. Kf6 Kd7 105. Nf3 Rh1 106. Nh4 Kd6 107. Nf5+ Kd5 108. Rd4+ Kc5 109. Rd8 Kc6 110. Ne3 Kc5 111. Ke5 Re1 112. Rc8+ Kb6 113. Kd4 Kb7 114. Rc3 Rh1 115. Nd5 Rd1+ 116. Kc5 Rb1 117. Kd6 Rb2 118. Rc1 Kb8 119. Kc6 Rh2 120. Ne7 {White wants to mate with Rb1+.} Rh6+ (120... Rb2 {feels hotter.} 121. Nf5 Ra2 122. Nd6 Ra6+ 123. Kc5 Ra2) 121. Kb5 Kb7 122. Nd5 Rh7 123. Rc6 Rh1 124. Rc7+ Kb8 125. Rf7 Rb1+ 126. Nb4 Kc8 127. Kc6 {[%cal Rf7f8]} Kd8 128. Kd6 {[%cal Rf7f8]} (128. Na2 {keeps more tension.} Rd1 129. Ra7 Rh1 130. Rg7 Rh6+ 131. Kb7) 128... Ke8 129. Rf4 Rh1 130. Rf6 Rd1+ 131. Nd5 Rd2 132. Rf1 Rd4 133. Ke5 {Precision: White = 67%, Black = 74%.} 1/2-1/2

[Event "105th British-ch 2018"]
[Site "Hull"]
[Date "2018.07.30"]
[Round "3"]
[White "Fodor, Tamas Jr"]
[Black "Adams, Michael"]
[Result "0-1"]
[WhiteElo "2506"]
[BlackElo "2706"]
[Annotator "TA"]
[PlyCount "122"]
[EventDate "2018.07.28"]
[EventType "swiss"]
[EventCountry "GBR"]
[SourceTitle "playchess.com"]
[Source "ChessBase"]
[SourceQuality "1"]

{[%evp 17,122,0,0,0,-12,-27,-26,-36,-24,-23,-23,-30,-23,-33,-28,-25,-23,-30,-28,-35,-23,-42,-31,-31,-33,-27,-27,-42,-23,-23,-23,-23,-23,-23,-23,-23,-23,-30,-16,-30,0,-58,-28,-48,-41,-41,-40,-39,-35,-29,-39,-35,-29,-43,-20,-40,-43,-66,-36,-36,-5,-13,0,0,0,0,76,74,72,87,76,74,274,276,263,71,72,71,71,60,60,60,60,62,64,52,52,52,52,52,64,52,64,52,52,2,2,2,2,4,9,9,72,72,72,-29992,-29993]} 1. d4 Nf6 2. c4 e6 3. Nc3 Bb4 4. Qc2 d5 5. cxd5 exd5 6. Bg5 h6 7. Bxf6 Qxf6 8. e3 {E35: Nimzo-Indian: Classical: 4...d5 5 cxd5 exd5} (8. a3 Bxc3+ 9. Qxc3 O-O 10. Nf3 Bf5 11. e3 Rc8 12. Bd3 Bxd3 13. Qxd3 Nd7 14. O-O c6 15. b4 a6 16. Rfc1 b5 17. Qc3 Nb6 18. Ne5 Nc4 19. a4 {½-½ (37) Andreikin,D (2736)-Giri,A (2767) Novi Sad 2016}) 8... O-O 9. a3 Bf5 {LiveBook: 13 Games} 10. Qb3 {The position is equal.} Bxc3+ $1 11. bxc3 Qb6 $146 ({Predecessor:} 11... c6 12. Nf3 Nd7 13. c4 dxc4 14. Bxc4 b5 15. Be2 Nc5 {1-0 (46) Papadakis,M-Dimitriou,G (2249) Nikea 2002}) 12. Qa2 Qa5 13. Qb2 c5 {Hoping for ...cxd4.} 14. Nf3 Nd7 15. Bb5 Rfc8 16. Bxd7 Bxd7 17. O-O Rc7 18. h3 Rac8 19. Rfc1 Qa6 20. Qd2 Bf5 21. dxc5 Rxc5 22. Nd4 Bd7 23. Nb3 Rb5 24. Nd4 Ra5 25. Rcb1 b6 26. Rb3 Rc4 27. Nf3 Bf5 28. Nd4 Bd7 29. Nf3 Rca4 30. Rb4 Rxb4 31. cxb4 Rxa3 32. Rxa3 Qxa3 33. Qxd5 Qc1+ 34. Kh2 Qc7+ 35. Ne5 Be8 (35... Be6 $5 {[%cal Re6d5]} 36. Qa8+ Bc8 $15) 36. f4 a5 37. b5 $1 Kf8 38. Nc4 Qd7 39. Nd6 f6 40. e4 Ke7 41. e5 fxe5 (41... Kf8 $1 $11) 42. Qxe5+ $16 ({But not} 42. fxe5 Qe6 $11) 42... Kf8 43. Nxe8 Qxe8 {[%mdl 4096] Endgame KQ-KQ} 44. Qd6+ Kg8 $2 (44... Qe7 $16 {was worth a try.} 45. Qxb6 a4 46. Qb8+ Qe8) 45. Qxb6 $18 a4 46. Qc5 $2 (46. Qc6 $18 Kf8 47. Qc4) 46... a3 $16 47. b6 a2 48. Qd5+ Qf7 49. Qa8+ Kh7 50. Qe4+ Qg6 51. Qxg6+ Kxg6 $14 {KP-KP} 52. b7 a1=Q {( -> ...Qb2)} 53. b8=Q {KQ-KQ} Qd4 54. Qe8+ Kf6 55. Qf8+ Kg6 56. Kg3 Qe3+ 57. Kh4 Qe1+ 58. g3 Qe6 59. Qc5 Kf6 {[#]} (59... Kh7 $11) 60. Qc3+ $1 $16 Kf7 61. Qe5 $2 {[%mdl 8192] [#]} (61. g4 $16) 61... g5+ $1 {[%mdl 512] Precision: White = 60%, Black = 59%.} 0-1

[Event "105th British-ch 2018"]
[Site "Hull"]
[Date "2018.07.30"]
[Round "3"]
[White "Ghasi, Ameet K"]
[Black "Pritchett, Craig W"]
[Result "1-0"]
[WhiteElo "2494"]
[BlackElo "2274"]
[Annotator "TA"]
[PlyCount "28"]
[EventDate "2018.07.28"]
[EventType "swiss"]
[EventCountry "GBR"]
[SourceTitle "playchess.com"]
[Source "ChessBase"]
[SourceQuality "1"]

{[%evp 11,12,5,19]} 1. Nf3 c5 2. g3 Nc6 3. Bg2 g6 4. O-O Bg7 5. c4 d6 6. Nc3 Bf5 {[%mdl 32768] Loss on Time!?} {Vorgänger:} 7. h3 $146 Qd7 8. Kh2 Nf6 9. d3 h6 10. e4 Be6 11. Be3 g5 12. Ng1 g4 13. h4 O-O 14. Nge2 Qd8 {0-1 (55) Caruana,F (2822)-So,W (2778) Stavanger 2018} 1-0

[Event "105th British-ch 2018"]
[Site "Hull"]
[Date "2018.07.30"]
[Round "3"]
[White "Emms, John M"]
[Black "Zakarian, David"]
[Result "1-0"]
[WhiteElo "2488"]
[BlackElo "2354"]
[Annotator "TA"]
[PlyCount "43"]
[EventDate "2018.07.28"]
[EventType "swiss"]
[EventCountry "GBR"]
[SourceTitle "playchess.com"]
[Source "ChessBase"]
[SourceQuality "1"]

{[%evp 16,43,86,87,90,66,75,48,131,121,137,128,143,79,139,127,143,143,150,143,440,437,425,429,617,609,821,835,857,849]} 1. e4 c5 2. Nf3 Nc6 3. c3 d6 4. d4 Nf6 5. d5 Nb8 6. Bd3 g6 7. c4 Bg7 8. h3 O-O 9. Nc3 {LiveBook: 28 Games} a6 {A35: Symmetrical English: 2 Nc3 Nc6 3 Nf3} (9... Na6 10. O-O Nc7 11. Re1 e6 12. Rb1 Rb8 13. Bf4 Nfe8 14. a3 a6 15. Bg5 Bf6 16. Bh6 Ng7 17. e5 {1-0 (34) Akopian,V (2655)-Nguyen Huynh Minh,H (2507) Tromsoe 2014}) 10. a4 e5 11. g4 h5 {[#]} (11... a5 $14) 12. Nh2 $1 $16 hxg4 $146 ({Predecessor:} 12... Nh7 13. gxh5 Qh4 14. Be3 Qxh3 15. Kd2 Qd7 16. Nf3 Qe8 17. Qg1 Nf6 18. h6 {1-0 (17) Popov,S (2358)-Popovic,M (2222) Herceg Novi 2001}) 13. hxg4 Nh7 14. Nf1 (14. Qf3 $142) 14... Re8 (14... Ng5 $142) 15. Qf3 Qf6 16. Qg3 ({Of course not} 16. Qh3 $6 Ng5 $11) 16... Ng5 {intending ...Nf3+.} 17. Be2 ({But not} 17. Bxg5 $6 Qxg5 18. f3 Nd7 $11) 17... Nd7 $2 {[%mdl 8192] [#]} (17... Qd8 $16 18. Kd1 (18. Qh4 f6 $14) 18... f6) 18. Qh4 $18 {White is clearly winning.} Nf3+ 19. Bxf3 $1 Qxf3 (19... Qxh4 $142 20. Rxh4 Nf6) 20. Rh3 Qg2 21. Rg3 Bf6 22. g5 {Precision: White = 56%, Black = 19%.} ({Less strong is} 22. Rxg2 Bxh4 23. g5 f6 $11) 1-0